Top 50 Albums from 1965 - Statistics

General Stats
  • This quiz has been taken 8 times
  • The average score is 8 of 50
Answer Stats
Artist Album % Correct
#10: The Beatles Help!
100%
#3: The Beatles Rubber Soul
88%
#4: Bob Dylan Bringing It All Back Home
75%
#2: Bob Dylan Highway 61 Revisited
75%
#38: The Who My Generation
75%
#1: John Coltrane A Love Supreme
38%
#28: The Byrds Mr. Tambourine Man
38%
#41: The Beach Boys The Beach Boys Today!
38%
#23: Miles Davis E.S.P.
25%
#20: The Sonics Here Are the Sonics!!
25%
#5: Otis Redding Otis Blue: Otis Redding Sings Soul
25%
#48: The Paul Butterfield Blues Band The Paul Butterfield Blues Band
25%
#6: Vince Guaraldi A Charlie Brown Christmas
13%
#49: Bert Jansch Bert Jansch
13%
#13: Art Blakey & the Jazz Messengers Free for All
13%
#46: Phil Ochs I Ain't Marching Anymore
13%
#30: Nina Simone I Put a Spell On You
13%
#9: Jackson C. Frank Jackson C. Frank
13%
#36: Thelonious Monk Monk.
13%
#8: Nina Simone Pastel Blues
13%
#47: Frank Sinatra September of My Years
13%
#44: Thelonious Monk Solo Monk
13%
#40: The Andrzej Trzaskowski Quintet The Andrzej Trzaskowski Quintet
13%
#37: Otis Redding The Great Otis Redding Sings Soul Ballads
13%
#25: The John Coltrane Quartet The John Coltrane Quartet Plays
13%
#45: J.B. Lenoir Alabama Blues
0%
#22: Pete La Roca Basra
0%
#35: London Symphony Orchestra / John Barbirolli / Jacqueline du Pré / Janet Baker Cello Concerto; Sea Pictures
0%
#33: Moacir Santos Coisas
0%
#26: Bobby Hutcherson Dialogue
0%
#21: Son House Father of Folk Blues
0%
#34: Sam Rivers Fuchsia Swing Song
0%
#39: Wiener Philharmoniker / Wiener Staatsopernchor / Georg Solti / Birgit Nilsson / Wolfgang Windgassen / Dietrich Fischer-Dieskau / Gustav Neidlinger / Christa Ludwig / Claire Watson / Gwyneth Jones / Gottlob Frick / Grace Hoffman / Helen Watts / Lucia Popp / Anita Välkki / Maureen Guy Götterdämmerung
0%
#32: Skip James Greatest of the Delta Blues Singers
0%
#16: Junior Wells' Chicago Blues Band Hoodoo Man Blues
0%
#12: Grant Green Idle Moments
0%
#42: Joe Henderson In 'n Out
0%
#31: Roland Kirk I Talk With the Spirits
0%
#11: Wayne Shorter Juju
0%
#27: Orchestre National de l'O.R.T.F / Ensemble instrumental de musique contemporaine de Paris / Maurice Le Roux / Konstantin Simonovich / Yuji Takahashi Metastasis; Pithoprakta; Eonta
0%
#24: Dexter Gordon One Flight Up
0%
#19: Ennio Morricone e la Sua Orchestra Per Qualche Dollaro in Più
0%
#15: Andrew Hill Point of Departure
0%
#17: The Roland Kirk Quartet Rip, Rig and Panic
0%
#7: The Horace Silver Quintet Song for My Father
0%
#14: Albert Ayler Trio Spiritual Unity
0%
#29: American Symphony Orchestra / Leopold Stokowski Symphony No. 4
0%
#18: Juilliard String Quartet The Six String Quartets
0%
#43: Various Artists The Sound of Music
0%
#50: John Fahey Vol 3: Dance of Death & Other Plantation Favorites
0%
No matching quizzes found
Score Distribution
Percent of People with Each Score
Percentile by Number Answered
Your Score History
You have not taken this quiz